[Event "Relampago R-030 corr"]
[Site "CXV corr"]
[Date "2001.09.18"]
[Round "?"]
[White "Baranowiski Filho, Mario Albert"]
[Black "De Oliveira, Joao Rios"]
[Result "0-1"]
[WhiteElo "1544"]
[BlackElo "1613"]
[PlyCount "86"]
[EventDate "2001.??.??"]
[EventType "tourn (corr)"]
[EventRounds "6"]
[EventCountry "BRA"]
[SourceTitle "Corr 2004"]
[Source "ChessBase"]
[SourceDate "2003.04.28"]
[SourceVersion "3"]
[SourceVersionDate "2003.04.28"]
[SourceQuality "1"]

1. e4 c6 2. d4 d5 3. Nd2 dxe4 4. Nxe4 Nf6 5. Nxf6+ gxf6 6. Nf3 Bg4 7. c3 e5 8. Be2 Bxf3 9. Bxf3 exd4 10. cxd4 Bb4+ 11. Kf1 Nd7 12. Bh6 Qb6 13. Qe2+ Kd8 14. Rd1 Re8 15. Be3 Bd6 16. d5 c5 17. Bg4 Be5 18. b3 Bd4 19. Bxd7 Kxd7 20. Qg4+ Kd8 21. Bxd4 cxd4 22. Qxd4 Qxd4 23. Rxd4 Rc8 24. g4 Rc2 25. Kg2 Rxa2 26. Rhd1 f5 27. Rf4 Re4 28. Rxf5 Rxg4+ 29. Kf3 Rb4 30. Rxf7 Rxb3+ 31. Ke4 Re2+ 32. Kd4 h5 33. Rg1 Rb4+ 34. Kc5 a5 35. Rg8+ Re8 36. Rgg7 Kc8 37. f4 Kb8 38. d6 Rb1 39. d7 Rd8 40. Rf5 Kc7 41. Rxh5 Rxd7 42. Rxd7+ Kxd7 43. Kd4 b5 0-1